Loading...
| Science - Other | 0 | 4 | 0 | 1 | 40 | 22 | 66.75 | 1 | 3 | 19.25 | 29.88 |
| Mythology | 0 | 4 | 0 | 1 | 40 | 62 | 92.25 | 1 | 2 | 17.67 | 29.32 |
| Science - Biology | 0 | 4 | 2 | 1 | 30 | 62 | 95.00 | 0 | 1 | 12.36 | 27.12 |
| Science - Physics | 0 | 2 | 0 | 1 | 20 | 51 | 77.00 | 1 | 1 | 12.35 | 15.00 |
| Science - Chemistry | 0 | 2 | 0 | 0 | 20 | 79 | 93.00 | 1 | 1 | 5.53 | 15.56 |
| History - Other | 0 | 2 | 1 | 1 | 15 | 45 | 86.50 | 0 | 1 | 7.08 | 11.11 |
| Fine Arts - Visual | 0 | 1 | 0 | 1 | 10 | 135 | 135.00 | 0 | 0 | 0.00 | 2.22 |
| Religion | 0 | 2 | 2 | 1 | 10 | 110 | 119.00 | 0 | 0 | 4.51 | 12.59 |
| History - American | 0 | 1 | 1 | 0 | 5 | 61 | 61.00 | 0 | 1 | 5.56 | 8.89 |
| Social Science | 0 | 1 | 1 | 0 | 5 | 83 | 83.00 | 0 | 0 | 9.86 | 14.44 |
| Literature - British | 0 | 0 | 0 | 0 | 0 | 0.00 | 0 | 0 | 0.00 | 0.00 | |
| History - World | 0 | 0 | 1 | 0 | -5 | 0.00 | 0 | 0 | 0.00 | 0.00 |